عرض عادي
عرض مارك
- المطيري، لينة لافي عايز
دخول Personal Name
001 - CONTROL NUMBER
- control field: 27818
003 - CONTROL NUMBER IDENTIFIER
- control field: AE-AdECS
005 - DATE AND TIME OF LATEST TRANSACTION
- control field: 20260326110422.0
008 - FIXED-LENGTH DATA ELEMENTS
- fixed length control field: 260326|| aca||aabn | a|a d
040 ## - CATALOGING SOURCE
- Original cataloging agency: AE-AdECS
- Transcribing agency: AE-AdECS
100 ## - HEADING--PERSONAL NAME
- Personal name: المطيري، لينة لافي عايز
670 ## - SOURCE DATA FOUND
- Source citation: Work cat.: (AE-AdECS)294554: المطيري، لينة لافي عايز مؤلف., مقياس الرضا الوظيفي للمرشدة الطلابية /
